000 01859nam2a2200337 4500
001 rc\2863350
005 20260406133228.0
035 _a(NLR Aleph) 007212208
090 _a7672263
_c7672263
100 _a20110711d1932 |||y0rusy50 ca
101 1 _arus
_cund
102 _aRU
105 _ay z 000zd
200 1 _aБорьба с безумием
_eГельдерлин, Клейст, Ницше
_fперевод П. С. и С. И. Бернштейн
_gпредисловие А. В. Луначарского
210 _d1932
215 _a290, [2] с.
225 1 _aСтроители мира
461 0 _1001rc\2863338
_12001#$aСобрание сочинений Стефана Цвейга$e[перевод]$fс предисловием М. Горького и критико-биографическим очерком Рихарда Шпехта$g[обложка работы М. А. Кирнарского]$vТ. 10
_1700#1$aЦвейг$bС.$f1881-1942$gСтефан$3RU\NLR\AUTH\7714958
702 1 _4280
_8rus
_7ca
_aГельдерлин
_bФ.
_f1770-1843
_gФридрих
_3RU\NLR\AUTH\7712329
_9122051
702 1 _4280
_8rus
_7ca
_aКлейст
_bГ. фон
_f1777 - 1811
_gГенрих фон
_3RU\NLR\AUTH\7710506
_9120275
702 1 _4280
_8rus
_7ca
_aНицше
_bФ. В.
_f1844-1900
_gФридрих Вильгельм
_3RU\NLR\AUTH\772013
_9112030
702 1 _4080
_8rus
_7ca
_aЛуначарский
_bА.В.
_f1875-1933
_gАнатолий Васильевич
_3RU\NLR\AUTH\7717504
_9591
702 1 _4730
_aБернштейн
_bС. И.
_f1892-1970
_gСергей Игнатьевич
_9143430
_3RU\NLR\AUTH\770143466
801 0 _aRU
_bNLR
_gpsbo
801 1 _aRU
_bELAR
_2rusmarc
852 _aNLR
_j31-15/372(10)
852 _aNLR
_jЛ60 В-3/803(10)
852 _aNLR
_bМф
_jК1/970(10)
942 _cBOOK
980 _aNB